|
|
|
|
| LEADER |
00916Cam#a22002775a#4500 |
| 001 |
023857 |
| 003 |
AR-BeUNQ |
| 005 |
20190711090022.0 |
| 008 |
120703s1999||||ag # g#b #000|0#spa#d |
| 999 |
|
|
|c 22495
|d 97882
|
| 020 |
|
|
|a 9505572964
|
| 040 |
|
|
|a AR-BeUNQ
|e aacr
|
| 082 |
0 |
4 |
|a 337
|2 21
|
| 100 |
1 |
|
|a Ferrer, Aldo,
|d 1927-
|
| 245 |
0 |
2 |
|a De Cristóbal Colón a internet :
|b América Latina y la globalización
|c Aldo Ferrer.
|
| 250 |
|
|
|a 1a. ed.
|
| 260 |
|
|
|a Buenos Aires :
|b Fondo de Cultura Económica,
|c 1999.
|
| 300 |
|
|
|a 126 p. ;
|c 17 cm.
|
| 490 |
1 |
|
|a Colección Popular ;
|
| 504 |
|
|
|a Incluye referencias bibliográficas.
|
| 650 |
|
7 |
|a Globalización
|2 toit
|
| 651 |
|
7 |
|a América Latina
|2 toit
|
| 651 |
|
7 |
|a Estados Unidos
|2 toit
|
| 830 |
|
0 |
|a Colección Popular (Fondo de Cultura Económica).
|
| 929 |
|
|
|a DONACION
|b Armando Azeglio
|d 0
|e 20110222
|f PAT0037108
|g 1728 Exp. 827-0837/98
|j 47778
|
| 942 |
|
|
|c LIB
|n 0
|